| 000 | 01387nam a2200361 a 4500 | ||
|---|---|---|---|
| 001 | vtls003171525 | ||
| 003 | MY-SjTCS | ||
| 005 | 20200226112304.0 | ||
| 006 | m u | ||
| 007 | cr cn||||||||| | ||
| 008 | 100712s1996 nyua sb 000 0 eng | ||
| 010 | _z 95-025746 | ||
| 020 | _z1568980485 | ||
| 035 | _a(CaPaEBR)ebr2004755 | ||
| 039 | 9 |
_y201007121420 _zVLOAD |
|
| 040 |
_aCaPaEBR _cCaPaEBR |
||
| 050 | 1 | 4 |
_aQA76.9.C66 _bB69 1996Xeb |
| 082 | 0 | 4 |
_a720/.1/05 _220 |
| 100 | 1 | _aBoyer, M. Christine. | |
| 245 | 1 | 0 |
_aCyberCities _h[electronic resource] : _bvisual perception in the age of electronic communication / _cM. Christine Boyer. |
| 250 | _a1st ed. | ||
| 260 |
_aNew York : _bPrinceton Architectural Press, _cc1996. |
||
| 300 |
_a245 p. : _bill. |
||
| 504 | _aIncludes bibliographical references. | ||
| 529 | _aTSLHHL | ||
| 533 |
_aElectronic reproduction. _bPalo Alto, Calif. : _cebrary, _d2009. _nAvailable via World Wide Web. _nAccess may be limited to ebrary affiliated libraries. |
||
| 650 | 0 |
_aComputers and civilization. _91230 |
|
| 650 | 0 | _aTelecommunication. | |
| 650 | 0 | _aVirtual reality. | |
| 655 | 7 |
_aElectronic books. _2local |
|
| 710 | 2 |
_aebrary, Inc. _925628 |
|
| 856 | 4 | 0 |
_uhttps://ezproxy.taylors.edu.my/login?url=http://site.ebrary.com/lib/taylorscollege/Doc?id=2004755 _zAn electronic book accessible through the World Wide Web; click to view |
| 999 | _c92564 | ||